Your Guide to Financial Success/ (Record no. 172374)

MARC details
000 -LEADER
fixed length control field 00501nam a22001697a 4500
005 - DATE AND TIME OF LATEST TRANSACTION
control field 20200204141434.0
010 ## - LCCN (DPL NO)
LC control number ENG-127631
020 ## - INTERNATIONAL STANDARD BOOK NUMBER
International Standard Book Number 9789380200613
Terms of availability 225.00
035 ## - SYSTEM CONTROL NUMBER
System control number EN-111163
037 ## - SOURCE OF ACQUISITION
Source of stock number/acquisition DBAD/PUB
082 ## - DEWEY DECIMAL CLASSIFICATION NUMBER
Classification number 332.024
245 ## - TITLE STATEMENT
Title Your Guide to Financial Success/
260 ## - PUBLICATION, DISTRIBUTION, ETC. (IMPRINT)
Place of publication, distribution, etc Mumbai
Name of publisher, distributor, etc Bestsellers18
Date of publication, distribution, etc 2012
270 ## - ADDRESS
City Mumbai
Address B-23,Royal Industrial Estate,5-B, Naigun Cross Road,Wadala
Postal code 400013
300 ## - PHYSICAL DESCRIPTION
Extent 150p.
Other physical details 21cm(hb)
942 ## - ADDED ENTRY ELEMENTS (KOHA)
Source of classification or shelving scheme Dewey Decimal Classification
Item type English Books
Classification part 332.024
Call number suffix YOU
Holdings
Withdrawn status Lost status Not for loan Collection code Home library Current library Date acquired Source of acquisition Cost, normal purchase price Full call number Barcode Copy number Cost, replacement price Koha item type
      Non-fiction Sarojini Nagar Sarojini Nagar 04/02/2020 DBAD/PUB 225.00 332.024 YOU EN-111163 1 225.00 English Books

© Delhi Public Library
Hit Counter
free hit counter